000 00648nam a2200241Ia 4500
005 20260121113221.0
008 12233 260114s9999 xx 000 0 eng d
020 _a9789814503327
037 _aEBOOK
040 _aCRL
_beng
_cCRL
041 _aeng
_2eng
084 _qCRL
100 _aTan A C
_9970088
245 0 _aLead Finishing in Semiconductor Devices: Soldering
260 _bWorld Scientific
260 _bWSPC
260 _c1989
650 _aEngineering / Acoustics
_9970089
856 _uhttps://www.worldscientific.com/worldscibooks/10.1142/0672#t=toc
942 _cEBOOK
999 _c1549533
_d1549533